Latin American proceeding (Record no. 500368)

000 -LEADER
fixed length control field 00495cam a22001457a 4500
008 - FIXED-LENGTH DATA ELEMENTS--GENERAL INFORMATION
fixed length control field 180718b1949 xxu||||| |||| 00| 0 eng d
082 ## - DEWEY DECIMAL CLASSIFICATION NUMBER
Classification number I5516x73 In8a
100 ## - MAIN ENTRY--PERSONAL NAME
Personal name Payne, W. Scott
245 ## - TITLE STATEMENT
Title Latin American proceeding
Statement of responsibility, etc. by W. Scott Payne
260 ## - PUBLICATION, DISTRIBUTION, ETC.
Place of publication, distribution, etc. New York
Name of publisher, distributor, etc. Polygraphic Company of America
Date of publication, distribution, etc. 1949
300 ## - PHYSICAL DESCRIPTION
Extent 121p
440 ## - SERIES STATEMENT/ADDED ENTRY--TITLE
Title OPAC case studies
500 ## - GENERAL NOTE
General note Inter-university case program: cases in public administration and policy formation
650 ## - SUBJECT ADDED ENTRY--TOPICAL TERM
Topical term or geographic name entry element Inter-university case program
Holdings
Withdrawn status Lost status Damaged status Not for loan Permanent Location Current Location Date acquired Full call number Barcode Date last seen Price effective from Koha item type
        Indian Institute of Public Administration Indian Institute of Public Administration 2018-08-04 I5516x73 In8a GR4916 2018-08-04 2018-08-04 GR

Powered by Koha